Una fe que busca la justicia: a doscientos años de la restauración de la Compañía de Jesús
Сохранить в:
| Главный автор: | |
|---|---|
| Формат: | |
| Язык: | испанский |
| Опубликовано: |
Santiago
Santillana
2001
|
| Редактирование: | 1a. ed |
| Предметы: | |
| Метки: |
Добавить метку
Нет меток, Требуется 1-ая метка записи!
|
MARC
| LEADER | 00000cam a2200000 a 4500 | ||
|---|---|---|---|
| 001 | UCE3741 | ||
| 003 | CL-VaPUC | ||
| 008 | 140925e20010000cl |||||||||||||||||spa|d | ||
| 020 | |a 9789561524514 | ||
| 082 | 0 | 4 | |a 271.53 |b MIF |2 21 |
| 100 | |a Mifsud, Tony, |c S. J. |e autor |9 600778 | ||
| 245 | 1 | 4 | |a Una fe que busca la justicia: a doscientos años de la restauración de la Compañía de Jesús |
| 250 | |a 1a. ed | ||
| 300 | |a 98 p | ||
| 942 | |c BK | ||
| 945 | |d 20140925 17:45:00 |a arojas | ||
| 260 | |a Santiago |b Santillana |c 2001 | ||
| 650 | 0 | |a Fe |9 308036 | |
| 650 | 0 | |a Justicia |9 255408 | |
| 650 | 0 | |a Jesuitas |9 268366 | |
| 650 | 7 | |a COMPAÑIA DE JESUS |2 CL-VaPUC |9 444006 | |
| 583 | |a last modification |c 20140925 17:45:00 |k Rodrigo Vera | ||
| 999 | |c 356902 |d 356900 | ||
| 952 | |0 0 |1 0 |3 erb |4 0 |6 271_530000000000000_MIF_2001 |7 0 |8 A |9 464672 |a BIBTEO |b BIBTEO |i 5114519 |o 271.53 MIF 2001 |p 5114519 |r 2025-01-17 |w 2019-11-23 |y BK |z Catalogado en:20140925 |k ICR | ||
| 952 | |0 0 |1 0 |3 erb |4 0 |6 271_530000000000000_MIF_2001 |7 0 |8 A |9 464673 |a BIBGIM |b BIBGIM |i 5114942 |o 271.53 MIF 2001 |p 5114942 |r 2025-01-15 |w 2019-11-23 |y BK |z Catalogado en:20140925 |k GIM | ||
| 952 | |0 0 |1 0 |2 ddc |4 0 |6 271_530000000000000_MIF_2001 |7 0 |8 A |9 599849 |a BIBTEO |b BIBTEO |c GEN |d 2025-01-23 |i 5607965 |o 271.53 MIF 2001 |p 5607965 |r 2025-01-23 |t 3 |w 2025-01-23 |y BK |k ICR | ||